Normal view
MARC view
Entry Personal Name
001 - CONTROL NUMBER
- control field: 51465
003 - CONTROL NUMBER IDENTIFIER
- control field: ARRUPE
005 - DATE AND TIME OF LATEST TRANSACTION
- control field: 20220506090217.0
008 - FIXED-LENGTH DATA ELEMENTS
- fixed length control field: 220506|| aca||aabn | a|a d
040 ## - CATALOGING SOURCE
- Original cataloging agency: ARRUPE
- Transcribing agency: ARRUPE
100 ## - HEADING--PERSONAL NAME
- Personal name: Giles, Lionel,
- Dates associated with a name: 1875-1958.
- Title of a work: Art of war.
- Language of a work: English
670 ## - SOURCE DATA FOUND
- Source citation: Work cat.: (ARRUPE)131368: Hagy, Jessica, author. 51461, The art of war visualized :, 1910